Eiffel's tower : (Record no. 25476)
[ view plain ]
| 000 -LEADER | |
|---|---|
| fixed length control field | 00686nam a2200193 a 4500 |
| 005 - DATE AND TIME OF LATEST TRANSACTION | |
| control field | 20140310183624.0 |
| 008 - FIXED-LENGTH DATA ELEMENTS--GENERAL INFORMATION | |
| fixed length control field | 121023s19uu xx 00 eng d |
| 020 ## - INTERNATIONAL STANDARD BOOK NUMBER | |
| International Standard Book Number | 9780670020607 |
| 050 ## - LIBRARY OF CONGRESS CALL NUMBER | |
| Classification number | T 803.D6 |
| Item number | .Ei54 2009 |
| 100 ## - MAIN ENTRY--PERSONAL NAME | |
| Personal name | Jonnes, Jill |
| 245 ## - TITLE STATEMENT | |
| Title | Eiffel's tower : |
| Remainder of title | and the World's Fair where Buffalo Bill beguiled Paris, the artists quarreled, and Thomas Edison became a count / |
| Statement of responsibility, etc | Jill Jonnes. |
| 260 ## - PUBLICATION, DISTRIBUTION, ETC. (IMPRINT) | |
| Place of publication, distribution, etc | New York, N.Y : |
| Name of publisher, distributor, etc | Viking, |
| Date of publication, distribution, etc | 2009. |
| 300 ## - PHYSICAL DESCRIPTION | |
| Extent | 354 p. : |
| Other physical details | ill. ; |
| Dimensions | 25 cm. |
| 600 ## - SUBJECT ADDED ENTRY--PERSONAL NAME | |
| Personal name | Eiffel, Gustave, 1832-1923 |
| 650 ## - SUBJECT ADDED ENTRY--TOPICAL TERM | |
| Topical term or geographic name as entry element | Exposition universelle de 1889 (Paris, France) |
| 650 ## - SUBJECT ADDED ENTRY--TOPICAL TERM | |
| Topical term or geographic name as entry element | Tour Eiffel (Paris, France) |
| 942 ## - ADDED ENTRY ELEMENTS (KOHA) | |
| Koha item type | Books |
| Source of classification or shelving scheme | Library of Congress Classification |
| Call number prefix | Foreign |
| Withdrawn status | Lost status | Source of classification or shelving scheme | Damaged status | Home library | Current library | Shelving location | Date acquired | Source of acquisition | Total Checkouts | Full call number | Barcode | Date last seen | Copy number | Price effective from | Koha item type |
|---|---|---|---|---|---|---|---|---|---|---|---|---|---|---|---|
| Library of Congress Classification | College Library | College Library | General Circulation Section | 01/09/2014 | Donation | T 803.D6 .Ei54 2009 | C15558 | 05/15/2018 | 1 | 01/09/2014 | Books |